Statystyki dla Flagi niepodległych państw - 1950

Kliknij tutaj aby rozwiązać quiz!

Ogólne statystyki

  • Ten quiz został rozwiązany 100 razy
  • Średni wynik to 69 z 92

Statystyki odpowiedzi

Odpowiedź% Poprawnych
Stany Zjednoczone Ameryki
97%
Republika Argentyńska
91%
Republika Stanów Zjednoczonych Brazylii
91%
Albańska Republika Ludowa
89%
Meksykańskie Stany Zjednoczone
89%
Rzeczpospolita Polska
89%
Stany Zjednoczone Wenezueli
89%
Wschodnia Republika Urugwaju
89%
Chińska Republika Ludowa
88%
Konfederacja Szwajcarska
88%
Królestwo Belgii
88%
Królestwo Danii
88%
Niemiecka Republika Demokratyczna
88%
Republika Chile
88%
Republika Federalna Niemiec
88%
Republika Francuska
88%
Republika Włoska
88%
Zjednoczone Królestwo Wielkiej Brytanii i Irlandii Północnej
88%
Czechosłowacka Republika Socjalistyczna
87%
Japonia
87%
Koreańska Republika Ludowo-Demokratyczna
87%
Królestwo Niderlandów
87%
Królestwo Norwegii
87%
Królestwo Szwecji
87%
Księstwo Monako
87%
Ludowa Republika Bułgarii
87%
Państwo Hiszpańskie
87%
Republika Austrii
87%
Republika Finlandii
87%
Republika Irlandii
87%
Republika Kolumbii
87%
Republika Korei
87%
Republika Kostaryki
87%
Republika Portugalska
87%
Rumuńska Republika Ludowa
87%
Państwo Watykańskie
86%
Republika Islandii
86%
Republika Kuby
86%
Republika Panamy
86%
Republika San Marino
86%
Związek Socjalistycznych Republik Radzieckich
86%
Demokratyczna Republika Wietnamu
84%
Dominium Nowej Zelandii
84%
Republika Indonezji
84%
Republika Peru
84%
Węgierska Republika Ludowa
84%
Związek Australijski
84%
Królestwo Nepalu
83%
Księstwo Andory
83%
Republika Dominikańska
83%
Republika Indii
83%
Wielkie Księstwo Luksemburga
83%
Państwo Izrael
82%
Republika Ekwadoru
82%
Republika Turcji
82%
Królestwo Arabii Saudyjskiej
80%
Mongolska Republika Ludowa
80%
Republika Filipin
80%
Republika Haiti
80%
Republika Paragwaju
80%
Dominium Cejlonu
79%
Dominium Pakistanu
79%
Królestwo Bhutanu
78%
Królestwo Tajlandii
78%
Republika Boliwii
78%
Republika Hondurasu
78%
Republika Chińska
77%
Republika Libańska
77%
Republika Gwatemali
76%
Republika Nikaragui
76%
Socjalistyczna Federacyjna Republika Jugosławii
76%
Królestwo Afganistanu
74%
Księstwo Liechtensteinu
70%
Cesarstwo Iranu
69%
Republika Liberii
68%
Republika Salwadoru
67%
Królestwo Grecji
61%
Republika Syryjska
61%
Tybet
61%
Jordańskie Królestwo Haszymidzkie
60%
Dominium Kanady
52%
Cesarstwo Etiopii
51%
Związek Południowej Afryki
51%
Republika Iraku
38%
Królestwo Egiptu
36%
Związek Birmański
32%
Królestwo Jemenu
27%
Sułtanat Maskatu i Omanu
16%
Wolne Terytorium Triestu
7%
Królestwo Sikkim
4%
Republika Południowych Moluków
4%
Międzynarodowa Strefa Tangeru
3%

Rozkład punktacji

Percentyl według liczby udzielonych odpowiedzi

Procent ludzi z każdym wynikiem

Twoja historia wyników

Nie rozwiązałeś tego quizu